<?xml version="1.0" encoding="UTF-8"?><?xml-stylesheet type="text/xsl" href="static/style.xsl"?><OAI-PMH xmlns="http://www.openarchives.org/OAI/2.0/" xmlns:xsi="http://www.w3.org/2001/XMLSchema-instance" xsi:schemaLocation="http://www.openarchives.org/OAI/2.0/ http://www.openarchives.org/OAI/2.0/OAI-PMH.xsd"><responseDate>2026-04-13T13:15:42Z</responseDate><request verb="GetRecord" identifier="oai:www.recercat.cat:2117/26644" metadataPrefix="marc">https://recercat.cat/oai/request</request><GetRecord><record><header><identifier>oai:recercat.cat:2117/26644</identifier><datestamp>2025-07-17T11:38:39Z</datestamp><setSpec>com_2072_1033</setSpec><setSpec>col_2072_452950</setSpec></header><metadata><record xmlns="http://www.loc.gov/MARC21/slim" xmlns:dcterms="http://purl.org/dc/terms/" xmlns:xsi="http://www.w3.org/2001/XMLSchema-instance" xmlns:doc="http://www.lyncode.com/xoai" xsi:schemaLocation="http://www.loc.gov/MARC21/slim http://www.loc.gov/standards/marcxml/schema/MARC21slim.xsd">
   <leader>00925njm 22002777a 4500</leader>
   <datafield ind2=" " ind1=" " tag="042">
      <subfield code="a">dc</subfield>
   </datafield>
   <datafield ind2=" " ind1=" " tag="720">
      <subfield code="a">Michelutti, E</subfield>
      <subfield code="e">author</subfield>
   </datafield>
   <datafield ind2=" " ind1=" " tag="720">
      <subfield code="a">Pérez Foguet, Agustí</subfield>
      <subfield code="e">author</subfield>
   </datafield>
   <datafield ind2=" " ind1=" " tag="260">
      <subfield code="c">2007</subfield>
   </datafield>
   <datafield ind2=" " ind1=" " tag="520">
      <subfield code="a">El artículo presenta una reflexión sobre el papel de la Educación para el Desarrollo Sostenible (EDS) en la formación de ingeniería, con especial referencia a la situación de la UPC. El actual proceso de cambio que está caracterizando la universidad española y europea, debido a la creación del nuevo Espacio Europeo de Educación Superior (EEES), pone de relieve la necesidad de una redefinición del concepto de sostenibilidad, de EDS y de sus relaciones con la enseñanza de ingeniería. El debate presente en la literatura y entre los actores educativos todavía deja abiertas las cuestiones relativas al carácter de la EDS. Se puede en todo caso subrayar la presencia de dos tradiciones principales que van a definir la EDS: por un lado, la influencia de la Educación para el Desarrollo y por otro lado, el aporte de la Educación Ambiental. Desde de esta relación-tensión se van definiendo las estructuras formativas en el EEES. En el caso de la UPC, la propuesta de un nuevo Master oficial en Sostenibilidad en el que participan diversos centros docentes, entre ellos la escuela de Ingeniería de Caminos, es un claro ejemplo de cómo las disciplinas inherentes la cooperación, el desarrollo y la sostenibilidad se pueden articular conjuntamente como propuesta de formación especializada a nivel de postgrado. La articulación de propuestas para los nuevos grados en ingeniería está aun pendiente de discusión.</subfield>
   </datafield>
   <datafield ind2=" " ind1=" " tag="520">
      <subfield code="a">Peer Reviewed</subfield>
   </datafield>
   <datafield ind2=" " ind1=" " tag="520">
      <subfield code="a">Postprint (published version)</subfield>
   </datafield>
   <datafield tag="653" ind2=" " ind1=" ">
      <subfield code="a">Àrees temàtiques de la UPC::Desenvolupament humà i sostenible::Desenvolupament humà::Educació</subfield>
   </datafield>
   <datafield tag="653" ind2=" " ind1=" ">
      <subfield code="a">Educational exchanges</subfield>
   </datafield>
   <datafield tag="653" ind2=" " ind1=" ">
      <subfield code="a">Cooperació internacional educativa</subfield>
   </datafield>
   <datafield ind2="0" ind1="0" tag="245">
      <subfield code="a">Educación para el desarrollo sostenible e ingeniería: debates y procesos en la UPC</subfield>
   </datafield>
</record></metadata></record></GetRecord></OAI-PMH>